000 00734cam a2200253 4500
001 ABS67228
008 031107n2003 000 0 eng u
035 _a(Sirsi) u124260
245 _aRegional survey: Hampshire, Dorset and south Wiltshire
260 _c2003
490 _aProperty Week
_v68(39) 3 October 2003, 67-82(7)
590 _aABS
650 _aHAMPSHIRE
650 _aDORSET
650 _aSOUTH WILTSHIRE
650 _aISLE OF WIGHT
650 _aSOUTHAMPTON
650 _aBASINGSTOKE
650 _aSOLENT
650 _aPROPERTY-COMMERCIAL PROPERTY-OFFICE PROPERTY-OFFICE PROPERTY MARKET
650 _aINDUSTRIAL MARKET
690 _aPROPERTY-COMMERCIAL PROPERTY-COMMERCIAL PROPERTY MARKET
942 _n0
999 _c73760
_d73760